| 000 | 00735cam a2200253 a 4500 | ||
|---|---|---|---|
| 001 | 000009345 | ||
| 005 | 20200929161548.0 | ||
| 008 | 951211s1994 sp 000 f spa c | ||
| 020 | _a8433920197 | ||
| 035 | _a(DLC) 95233163 | ||
| 040 |
_aDO-SdBNP _bspa _cCtY _dBNPHU |
||
| 082 |
_a863.64 _bT964m, 1994 |
||
| 100 | 1 |
_aTusquets, Esther, _d1936- _924109 |
|
| 245 | 1 | 3 |
_aEl mismo mar de todos los veranos / _cEsther Tusquets. |
| 250 | _a2a ed. | ||
| 260 |
_aBarcelona : _bAnagrama, _c1994. |
||
| 300 |
_a229 p. ; _c18 cm. |
||
| 490 | 1 |
_aCompactos _v15 |
|
| 650 | 4 |
_aNovela española _91123 |
|
| 650 | 4 |
_aLiteratura española _ySIGLO XX _93326 |
|
| 830 | 0 |
_aCompactos ; _v15. _922448 |
|
| 910 | _aCatalogación derivada | ||
| 049 | _aBNGR | ||
| 999 |
_c9105 _d9105 |
||